[Event "Orbis IM 2018"]
[Site "Paracin"]
[Date "2018.07.15"]
[Round "2"]
[White "Bergsson, Stefan"]
[Black "Ozenir, Ekin Baris"]
[Result "0-1"]
[WhiteElo "2192"]
[BlackElo "2300"]
[Annotator "TA"]
[PlyCount "134"]
[EventDate "2018.??.??"]
[EventCountry "SRB"]
[SourceTitle "playchess.com"]
[Source "ChessBase"]
[SourceQuality "1"]

{[%evp 15,134,19,23,0,7,-2,0,0,12,0,5,0,21,11,41,-11,15,-26,-25,-11,-5,-7,-17,-18,-3,-15,-4,-27,-35,-39,-41,-109,31,23,47,-156,-146,-145,-69,-117,-124,-161,-164,-172,-140,-164,-137,-151,-126,-141,-133,-117,-120,-136,-126,-127,-119,-132,-127,-95,-77,-76,-69,-74,-26,-38,64,37,47,-4,-7,-87,-89,-90,0,-240,-63,-73,-88,-57,-68,-67,-83,-211,-194,-202,-187,-575,-220,-471,-476,-469,-470,-460,-466,-625,-486,-466,-468,-804,-562,-558,-542,-804,-500,-3781,-2927,-3320,-2115,-1314,-852,-752,-693,-1575,-1329,-5014,-4813,-29976,-29977,-29977,-29973]} 1. e4 Nc6 2. Nf3 d6 3. d4 Nf6 4. Nc3 g6 5. Bb5 a6 6. Bxc6+ bxc6 7. O-O Bg7 8. h3 O-O {LiveBook: 22 Partien} 9. Qe2 {B00: Damenfianchetto, Nimzowitsch-Verteidigung} (9. Be3 Rb8 10. b3 Nd7 11. Ne2 c5 12. c4 Bb7 13. Nc3 cxd4 14. Nxd4 c5 15. Nde2 f5 16. exf5 gxf5 {0-1 (48) Oleksienko,M (2636)-Zubov,A (2604) Lvov 2017}) 9... a5 10. Rd1 Ba6 11. Qe1 {Die Stellung ist ausgeglichen.} Nd7 12. e5 Nb6 13. Qe4 Bb7 $146 ({Vorgänger:} 13... Qd7 14. Re1 Bc4 15. Qh4 f6 16. b3 Be6 17. exf6 exf6 {1-0 (73) Burmakin,V (2500)-Palos,O (2355) Graz 1995}) 14. Qh4 f6 15. Ne4 (15. Bh6 $14) 15... Bc8 16. Re1 Bf5 17. Bd2 Nc4 18. Bc3 g5 19. Qg3 $1 h6 20. a4 Bh7 21. Rad1 Nb6 22. b3 Qd7 23. Ba1 (23. Bd2 $15) 23... Qf5 (23... f5 $1 $17 {[%cal Rf5e4]} 24. Ned2 f4) 24. c4 $14 Nd7 25. d5 $2 (25. e6 $14 {behält die Oberhand.} Nb6 26. Bb2) 25... fxe5 $17 26. dxc6 Nf6 (26... Nb8 $17 27. Bc3 Nxc6) 27. Nfd2 Nh5 (27... Nxe4 28. Nxe4 Qf7 29. Rd5 $15) 28. Qg4 Nf4 29. Re3 Qf7 30. Qg3 Bf5 31. f3 Ra6 32. Bc3 Qe8 33. h4 gxh4 (33... Qxc6 $6 34. hxg5 d5 35. cxd5 $11) 34. Qxh4 Ng6 ({Bloß nicht} 34... Rxc6 35. Bxa5 Qb8 36. Nf1 $17) ({Finger weg von} 34... Qg6 35. g3 $17) 35. Qh5 Qxc6 36. g3 Qb6 37. Rde1 Qa7 38. Kg2 e6 39. Nf2 c6 40. Ng4 Bxg4 (40... Kh7 $1 $15) 41. Qxg4 Qf7 {[#]} 42. Ne4 (42. c5 $1 $14 {[%mdl 512]}) 42... c5 $11 43. Rd1 (43. Rh1 $11) 43... d5 $17 44. Nxc5 Rc6 (44... h5 $1 $17 {[%cal Rh5g4]} 45. Qg5 Ra7) 45. Bxa5 $2 (45. Nd7 $1 $11 {und Weiss muss sich keine Sorgen machen.} d4 46. Nxf8 Nxf8 47. Red3 dxc3 48. Rxc3) 45... d4 $2 ({Jedoch nicht} 45... Rxc5 46. Bb4 $17) (45... h5 $19 46. Qg5 Rxc5) 46. Ree1 $15 {Droht Sd3 und aus.} Rxc5 47. Bb4 Rcc8 {Droht stark ...Tfd8.} 48. Bxf8 {Und Ld6 würde nun gewinnen.} Rxf8 49. b4 {[#]} (49. Kf2 $17) 49... h5 $1 $19 {[%cal Rh5g4][%mdl 512]} 50. Qe4 (50. Qxh5 Nf4+) 50... h4 $1 51. gxh4 $2 {[#]} (51. a5 {leistet mehr Widerstand.}) 51... Nf4+ $2 (51... Nxh4+ $1 {[%mdl 512]} 52. Qxh4 Qxf3+ 53. Kh2 Rf4) 52. Kf2 $2 (52. Kh1 {ist der einzige Weg für Weiss..} Qe7 53. Rd2) 52... Qe7 53. Rh1 Qxb4 {Und weiter mit ...Db2+ wäre nett.} 54. Rh2 Qxa4 55. Rg1 Qa2+ 56. Kg3 Qxc4 57. h5 (57. Rc2 $142 Qd5 58. Kh2) 57... Kh8 58. h6 Bf6 {( -> ...Tg8+)} 59. h7 Qd5 60. Qb1 (60. Rb2 $142) 60... d3 61. Kf2 Qd4+ 62. Kf1 Qd7 63. Qb4 Qe7 64. Qc3 Bg7 65. Qd2 Qb7 66. Kf2 Ne2 67. Rh3 Qb6+ {Precision: Weiß = 30%, Schwarz = 44%.} 0-1

[Event "Orbis IM 2018"]
[Site "Paracin"]
[Date "2018.07.15"]
[Round "3"]
[White "Ozenir, Ekin Baris"]
[Black "Avalyan, Artur"]
[Result "1/2-1/2"]
[WhiteElo "2300"]
[BlackElo "2315"]
[Annotator "TA"]
[PlyCount "35"]
[EventDate "2018.??.??"]
[EventCountry "SRB"]
[SourceTitle "playchess.com"]
[Source "ChessBase"]
[SourceQuality "1"]

{[%evp 22,35,27,22,41,12,19,18,10,0,0,0,3,-3,34,-8]} 1. d4 d5 2. c4 e6 3. Nc3 Nf6 4. cxd5 Nxd5 5. e4 Nxc3 6. bxc3 c5 7. Rb1 cxd4 {D35: Damengambit (Abtauschvariante)} (7... Be7 8. Bb5+ Bd7 9. Bd3 cxd4 10. cxd4 Nc6 11. Be2 Rc8 12. Nf3 Qa5+ 13. Bd2 Bb4 14. Rb2 Bxd2+ 15. Qxd2 Qxd2+ 16. Kxd2 {1-0 (64) Mamedyarov,S (2809)-Kramnik,V (2800) Berlin 2018}) 8. cxd4 Nc6 9. Bb5 a6 10. Bxc6+ bxc6 11. Nf3 c5 12. O-O {LiveBook: 5 Partien} cxd4 13. Nxd4 {[#] Weiss will Lf4 spielen.} Bd6 $146 ({Vorgänger:} 13... Bc5 14. Be3 Bxd4 15. Qxd4 Qxd4 16. Bxd4 {½-½ (30) Zhou,J (2613)-Lu,S (2620) China 2017}) 14. Be3 O-O 15. Qd2 Bd7 16. Rfc1 Rb8 17. Rb3 Ba4 18. Rd3 1/2-1/2

[Event "Orbis IM 2018"]
[Site "Paracin"]
[Date "2018.07.15"]
[Round "3"]
[White "Sredojevic, Ivan"]
[Black "Bergsson, Stefan"]
[Result "1-0"]
[WhiteElo "2298"]
[BlackElo "2192"]
[Annotator "TA"]
[PlyCount "73"]
[EventDate "2018.??.??"]
[EventCountry "SRB"]
[SourceTitle "playchess.com"]
[Source "ChessBase"]
[SourceQuality "1"]

{[%evp 17,73,0,0,-138,-120,-125,-35,-41,-33,-42,-4,-4,-11,-12,0,-4,0,-27,-12,-75,22,13,24,32,20,26,53,57,54,26,472,472,438,469,450,450,421,380,580,569,557,238,922,903,857,832,29984,29985,29985,29986,29986,29987,29986,29987,29989,29990,29990,29991]} 1. e4 c5 2. Nf3 e6 3. d4 cxd4 4. Nxd4 Nc6 5. Nc3 Qc7 6. Be2 Nf6 7. O-O a6 8. Be3 b5 9. a3 Bb7 {LiveBook: 94 Games} 10. g4 $146 {[#] B49: Sicilian: Taimanov: 5 Nc3 Qc7 6 Be3 a6 7 Be2} (10. Nxc6 $11 {keeps the balance.} Bxc6 11. Qd3) ({Predecessor:} 10. f4 d6 11. Bf3 Be7 12. f5 Nxd4 13. Qxd4 O-O 14. fxe6 fxe6 15. Rad1 Nd7 16. Bg4 Nc5 17. b4 e5 18. Nd5 Rxf1+ 19. Rxf1 {1-0 (63) Savchenko,B (2602)-Dubov,D (2624) Moscow 2013}) 10... h5 $1 $17 {[%cal Rh5g4]} 11. gxh5 b4 (11... Nxh5 $17 {Strongly threatening ...Nf4.} 12. Bxh5 g6) 12. axb4 $15 {Black is slightly better.} Bxb4 13. Nxc6 Bxc6 14. Qd4 Bxc3 15. Qxc3 Nxe4 16. Qa5 $132 {[%mdl 2048] White is not keeping still} ({But not} 16. Qxg7 $2 O-O-O $19) 16... Qd6 17. Rad1 Qe7 18. f3 {[#]} (18. h3 $11) 18... Nf6 (18... Nd6 $1 $17 19. Bf2 Nf5) 19. h6 $1 $11 {[%cal Rh6g7]} Nd5 20. hxg7 Rg8 21. Bh6 $1 {aiming for c4.} Qh4 22. Qd2 Rb8 23. Kh1 {Black must now prevent c4.} Rb4 $2 {[%mdl 8192]} (23... Qh5 $11) 24. c4 $18 Rxc4 25. Bg5 Qh5 26. Bxc4 Rxg7 27. Bf4 ({Weaker is} 27. Bxd5 Bxd5 28. h4 Rxg5 $16) 27... Nf6 (27... Qg4 {might work better.}) 28. Qe2 Rg4 29. Qe5 (29. Rd4 $142) 29... Rxf4 $2 (29... Qxe5 30. Bxe5 Rxc4) 30. Qxf4 Ng4 31. Rd2 f5 {[#]} 32. Bxe6 $1 {White mates.} dxe6 33. Qb8+ Kf7 34. Qc7+ Kf6 35. Qxc6 Qh3 36. Qc3+ Kg6 37. Rg1 {Precision: White = 61%, Black = 37%.} 1-0

[Event "Orbis IM 2018"]
[Site "Paracin"]
[Date "2018.07.15"]
[Round "3"]
[White "Isha, Sharma"]
[Black "Markovic, Milan D"]
[Result "1/2-1/2"]
[WhiteElo "2062"]
[BlackElo "2312"]
[Annotator "TA"]
[PlyCount "70"]
[EventDate "2018.??.??"]
[EventCountry "SRB"]
[SourceTitle "playchess.com"]
[Source "ChessBase"]
[SourceQuality "1"]

{[%evp 9,70,70,59,73,58,57,131,120,139,152,179,184,191,179,166,145,173,147,190,138,145,141,145,147,155,154,149,47,44,49,45,50,50,39,45,40,93,54,60,0,10,24,135,150,145,109,174,155,151,107,147,67,95,102,90,106,110,79,100,81,89,90,122]} 1. e4 c5 2. Nf3 f5 (2... Nf6 3. Nc3 d5 4. exd5 Nxd5 5. Bb5+ Bd7 6. Ne5 Bxb5 7. Qf3 f6 8. Nxb5 Na6 9. Qh5+ g6 10. Nxg6 hxg6 11. Qxh8 Qd7 12. Nc3 Nab4 13. O-O Nxc2 14. Rb1 {½-½ (54) Caruana,F (2816)-Mamedyarov,S (2808) Leuven 2018}) 3. exf5 Nh6 4. Ne5 Qc7 5. Qh5+ Kd8 6. Nf3 {B27: Sicilian: 2 Nf3, unusual Black 2nd moves} Nc6 $146 ({Predecessor:} 6... d6 7. Nh4 Bxf5 8. Nxf5 g6 9. Nxh6 gxh5 10. Nf7+ {½-½ (52) Hallope,A (1853)-Nemety,L (2128) Sautron 2009}) 7. Nc3 Nd4 (7... Nb4 $14 8. Kd1 d6) 8. Bd3 $16 {White is clearly better.} Qf4 9. Nxd4 cxd4 10. Ne2 Qe5 11. Qf3 d6 12. O-O g6 {[%cal Rh6f5]} 13. fxg6 Ng4 {[%csl Gg4][%cal Re5h2]} 14. Qf4 (14. Qg3 $18) 14... hxg6 15. Qxe5 Nxe5 {[#]} 16. Be4 $1 ({Not} 16. Nxd4 Nxd3 17. cxd3 Bg7 $11) 16... d3 17. cxd3 Bf5 18. Nd4 (18. Bxf5 $16 gxf5 19. d4) 18... Bxe4 $14 19. dxe4 {Threatens to win with Ne6+.} Nd3 20. Nf3 Rc8 21. Rd1 Bg7 22. Ne1 Nf4 ({Better is} 22... Nxe1 $1 $14 23. Rxe1 Be5) 23. h3 Rf8 $1 24. Kf1 {next d4 is good for White.} Bd4 {[#] And now ...Nxh3! would win.} 25. Nf3 Bb6 (25... Nxh3 $1 $11 {remains equal.} 26. Nxd4 Rxf2+ 27. Ke1 Rxg2) 26. d4 $16 Nxh3 27. Bh6 Rf7 (27... Rc2 $16 {was worth a try.}) 28. Rac1 Rxc1 29. Rxc1 g5 30. Rc4 ({White should try} 30. gxh3 $16 Rxf3 31. Kg2) 30... g4 31. gxh3 {White is better.} gxf3 32. h4 d5 33. exd5 Kd7 34. Be3 Rh7 35. Bg5 Rf7 {Precision: White = 48%, Black = 72%.} 1/2-1/2

[Event "Orbis IM 2018"]
[Site "Paracin"]
[Date "2018.07.15"]
[Round "3"]
[White "Scott, Luke"]
[Black "Brankovic, Dejan"]
[Result "0-1"]
[WhiteElo "1887"]
[BlackElo "2377"]
[Annotator "TA"]
[PlyCount "56"]
[EventDate "2018.??.??"]
[EventCountry "SRB"]
[SourceTitle "playchess.com"]
[Source "ChessBase"]
[SourceQuality "1"]

{[%evp 24,56,71,20,35,0,2,0,1,-87,-69,-98,-89,-84,-75,-74,-52,-53,-43,-58,-48,-94,-100,-145,-140,-151,-150,-183,-186,-178,-188,-233,-217,-277,-265]} 1. d4 Nf6 2. c4 c5 3. d5 e6 4. Nc3 exd5 5. cxd5 d6 6. e4 g6 7. Nf3 Bg7 8. Be2 O-O 9. O-O Re8 10. Nd2 Na6 11. f3 Nc7 12. a4 b6 13. Re1 {LiveBook: 3 Games. A79: Modern Benoni: Classical: 9...Re8 10 Nd2 Na6 11 f3} (13. Nc4 $16) (13. Kh1 Rb8 14. Nc4 Ba6 15. Bg5 Bxc4 16. Bxc4 a6 17. Qd2 b5 18. axb5 axb5 19. Be2 b4 20. Nd1 Nb5 21. Bxb5 Rxb5 22. Qf4 Nh5 {0-1 (56) Vidit,S (2673)-Indjic,A (2560) Moscow 2017}) 13... Nh5 14. g3 Bd4+ 15. Kh1 $146 {The position is equal.} ({Predecessor:} 15. Kg2 Qd7 16. g4 Nf4+ 17. Kh1 Nh3 18. Qc2 Qd8 19. Nc4 Nf2+ 20. Kg2 Qh4 {1-0 (39) Lieb,H (2285)-Schacht,H (2280) Berlin West 1987}) 15... Bf2 16. Nf1 (16. Nc4 $11 {remains equal.}) 16... f5 $17 17. Be3 Bxe1 18. Qxe1 Qf6 19. Nd2 Ba6 20. Bxa6 Nxa6 21. Qe2 Nc7 22. Rf1 f4 23. Bxf4 Nxf4 24. gxf4 Qxf4 25. Rg1 a6 26. Rg4 Qf6 27. h4 {[#]} b5 $1 28. Qg2 (28. axb5 axb5) 28... Kh8 {Precision: White = 23%, Black = 71%.} 0-1

[Event "Orbis IM 2018"]
[Site "Paracin"]
[Date "2018.07.16"]
[Round "4"]
[White "Konaplev, Anton"]
[Black "Scott, Luke"]
[Result "1-0"]
[WhiteElo "2316"]
[BlackElo "1887"]
[Annotator "NA"]
[PlyCount "97"]
[EventDate "2018.??.??"]
[EventCountry "SRB"]
[SourceTitle "playchess.com"]
[Source "ChessBase"]
[SourceQuality "1"]
[TimeControl "40/5400+30:1800+30"]

1. Nf3 Nf6 2. c4 c5 3. a3 {A30: Englische Eröffnung (Symmetrische Variante)} (3. Nc3 Nc6 4. g3 d5 5. cxd5 Nxd5 6. Bg2 g6 7. O-O Bg7 8. Nxd5 Qxd5 9. d3 O-O 10. Be3 Bd7 11. Nd4 Qd6 12. Nxc6 Bxc6 13. Bxc6 Qxc6 14. Rc1 Qa6 15. Rxc5 b6 16. Rc2 Qxa2 17. b4 Qa4 18. Rc4 Qxd1 19. Rxd1 Rfc8 20. b5 Be5 {½-½ (35) So,W (2778)-Anand,V (2759) Paris 2018}) 3... Nc6 4. e3 d5 5. cxd5 Nxd5 6. d4 cxd4 $146 ({Vorgänger:} 6... e6 7. dxc5 Bxc5 8. Qc2 Bd6 9. Bd2 O-O 10. Bd3 h6 {½-½ (32) Krecak,Z (2320)-Stieger,H (2409) ICCF email 2011}) 7. Nxd4 Nxd4 8. Qxd4 Qc7 9. Bd2 Nb6 10. Nc3 e5 (10... a6 $14) 11. Qe4 a6 12. Rc1 Qd6 13. f4 f5 14. Qxe5+ Qxe5 15. fxe5 Be6 16. e4 Be7 (16... Rc8 $142) 17. exf5 Bxf5 18. Be2 (18. Be3 $18 Nd7 19. Nd5) 18... O-O 19. Bf3 Rae8 20. O-O Bc5+ 21. Kh1 Rxe5 22. Bxb7 Bd3 23. Rxf8+ Kxf8 24. Bf4 Rf5 25. g3 g5 26. Rd1 Bc2 27. Bd6+ Bxd6 28. Rxd6 Nc4 29. Re6 a5 30. Ne2 Nxb2 31. Nd4 Rf2 32. Re5 g4 33. Rxa5 Nc4 34. Ra8+ Ke7 35. Kg1 Rd2 36. Nxc2 Rxc2 37. Be4 Ra2 38. Bxh7 Ne3 39. Be4 Kf6 40. Ra5 Nc4 41. Rf5+ Ke6 42. Rc5 $16 Ne3 43. Ra5 Kd6 44. a4 Nc4 45. Rd5+ Ke7 46. Bd3 Rxa4 47. Rg5 Ra1+ 48. Kf2 Ra2+ 49. Be2 1-0

[Event "Orbis IM 2018"]
[Site "Paracin"]
[Date "2018.07.16"]
[Round "4"]
[White "Avalyan, Artur"]
[Black "Brankovic, Dejan"]
[Result "1-0"]
[WhiteElo "2315"]
[BlackElo "2377"]
[Annotator "NA"]
[PlyCount "65"]
[EventDate "2018.??.??"]
[EventCountry "SRB"]
[SourceTitle "playchess.com"]
[Source "ChessBase"]
[SourceQuality "1"]
[TimeControl "40/5400+30:1800+30"]

1. d4 {[%emt 0:00:00]} Nf6 {[%emt 0:00:00]} 2. c4 {[%emt 0:00:00]} g6 {[%emt 0:00:10]} 3. Nc3 {[%emt 0:00:00]} Bg7 {[%emt 0:00:07]} 4. e4 {[%emt 0:00:00]} d6 {[%emt 0:00:07]} 5. Be2 {[%emt 0:00:03]} O-O {[%emt 0:00:46]} 6. Be3 {[%emt 0:00:03]} Na6 {[%emt 0:01:12]} 7. Nf3 {[%emt 0:00:15]} e5 {[%emt 0:00:54]} 8. d5 {[%emt 0:00:07]} Ng4 {[%emt 0:00:33]} 9. Bg5 {[%emt 0:00:09]} f6 {[%emt 0:00:36]} 10. Bh4 {[%emt 0:00:04]} h5 {[%emt 0:00:52] E92: King's Indian: Classical: 6 Be2 e5: 7 dxe5, 7 Be3 and Petrosian System without 7...Nbd7} 11. Nd2 {[%emt 0:00:18]} c5 {[%emt 0:01:14]} 12. h3 {[%emt 0:02:03]} (12. a3 Qd7 13. h3 Nh6 14. Qa4 Qe7 15. b4 Nf7 16. g4 hxg4 17. hxg4 Bh6 18. Qb3 {0-1 (79) Ponomariov,R (2744)-Jobava,B (2707) Kharkov 2010}) 12... Nh6 {[%emt 0:00:18]} 13. O-O $146 {[%emt 0:00:14]} ({Predecessor:} 13. f3 Nf7 14. Bd3 Bh6 15. Qe2 Kg7 16. O-O-O Bd7 17. Rdf1 Rh8 18. Kb1 {½-½ (50) Pelletier,Y (2544)-Gallagher,J (2453) Switzerland 2018}) 13... g5 {[%emt 0:27:48]} 14. Bg3 {[%emt 0:00:15]} g4 {[%emt 0:00:03]} 15. hxg4 {[%emt 0:17:22]} hxg4 {[%emt 0:01:57]} 16. f3 {[%emt 0:18:02]} (16. a3 $16) 16... f5 {[%emt 0:02:55]} 17. fxg4 {[%emt 0:01:35]} f4 {[%emt 0:01:56]} 18. Bh2 $1 {[%emt 0:05:33]} Qg5 {[%emt 0:17:19]} 19. Nf3 {[%emt 0:02:15]} Qxg4 {[%emt 0:00:32]} 20. Nxe5 $1 {[%emt 0:05:41]} Qg5 {[%emt 0:00:18]} 21. Nf3 {[%emt 0:09:17]} Qh5 {[%emt 0:05:07]} 22. Qd2 {[%emt 0:05:40]} Ng4 {[%emt 0:11:39]} 23. Bxf4 {[%emt 0:16:31]} Bd7 {[%emt 0:08:10]} 24. Nh2 {[%emt 0:02:40]} Bd4+ {[%emt 0:00:19]} 25. Kh1 {[%emt 0:00:57]} Rf6 {[%emt 0:07:38]} 26. Bxg4 {[%emt 0:02:32]} Bxg4 {[%emt 0:00:20]} 27. e5 {[%emt 0:02:25]} dxe5 {[%emt 0:01:36]} 28. Bg5 {[%emt 0:00:37]} Rg6 {[%emt 0:04:43]} (28... Bxc3 $142 29. Qxc3 (29. bxc3 Rg6 $14) 29... Rg6) 29. Ne4 {[%emt 0:00:09]} Kh8 $2 {[%emt 0:01:40]} (29... Kg7) 30. Rf7 {[%emt 0:01:56]} Rag8 {[%emt 0:00:59]} 31. Bf6+ {[%emt 0:00:30]} Rxf6 {[%emt 0:00:05]} 32. Nxf6 $18 {[%emt 0:00:13]} Qxf7 {[%emt 0:00:18]} 33. Qh6+ {[%emt 0:00:05]} 1-0

[Event "Orbis IM 2018"]
[Site "Paracin"]
[Date "2018.07.16"]
[Round "4"]
[White "Markovic, Milan D"]
[Black "Milanovic, Slavisa"]
[Result "1/2-1/2"]
[WhiteElo "2312"]
[BlackElo "2370"]
[Annotator "NA"]
[PlyCount "25"]
[EventDate "2018.??.??"]
[EventCountry "SRB"]
[SourceTitle "playchess.com"]
[Source "ChessBase"]
[SourceQuality "1"]
[TimeControl "40/5400+30:1800+30"]

1. e4 {[%emt 0:01:15]} e6 {[%emt 0:05:10]} 2. d4 {[%emt 0:00:34]} d5 {[%emt 0:00:21]} 3. exd5 {[%emt 0:00:43]} exd5 {[%emt 0:00:36]} 4. Bf4 {[%emt 0:00:25]} Bd6 {[%emt 0:03:28]} 5. Bxd6 {[%emt 0:02:17]} Qxd6 {[%emt 0:00:08]} 6. c3 {[%emt 0:00:09]} Bf5 {[%emt 0:04:29]} 7. Bd3 {[%emt 0:02:09]} Bxd3 {[%emt 0:06:56]} 8. Qxd3 {[%emt 0:00:12]} Nf6 {[%emt 0:00:03]} 9. Nf3 {[%emt 0:00:27]} O-O {[%emt 0:00:32]} 10. O-O $11 {[%emt 0:00:20]} Nc6 {[%emt 0:03:56]} 11. Nbd2 {[%emt 0:00:32]} Rfe8 {[%emt 0:00:38]} 12. Rfe1 {[%emt 0:00:13]} a5 {[%emt 0:00:34]} 13. a4 {[%emt 0:01:01]} 1/2-1/2

[Event "Orbis IM 2018"]
[Site "Paracin"]
[Date "2018.07.16"]
[Round "4"]
[White "Ozenir, Ekin Baris"]
[Black "Sredojevic, Ivan"]
[Result "1-0"]
[WhiteElo "2300"]
[BlackElo "2298"]
[Annotator "NA"]
[PlyCount "115"]
[EventDate "2018.??.??"]
[EventCountry "SRB"]
[SourceTitle "playchess.com"]
[Source "ChessBase"]
[SourceQuality "1"]
[TimeControl "40/5400+30:1800+30"]

1. d4 {[%emt 0:00:00]} d6 {[%emt 0:02:47]} 2. e4 {[%emt 0:00:57] Nf} Nf6 {[%emt 0:01:17]} 3. Bd3 {[%emt 0:02:13]} g6 {[%emt 0:00:42]} 4. Nf3 {[%emt 0:00:50]} Bg7 {[%emt 0:00:09]} 5. c3 {[%emt 0:01:04]} O-O {[%emt 0:00:08]} 6. O-O {[%emt 0:00:22]} Nc6 {[%emt 0:00:24]} 7. Be3 {[%emt 0:01:44]} e5 {[%emt 0:00:13]} 8. Nbd2 {[%emt 0:02:17] B07: Pirc Defence: Miscellaneous Systems} Ng4 {[%emt 0:01:49]} 9. Bg5 {[%emt 0:01:17]} Bf6 $146 {[%emt 0:00:07]} ({Predecessor:} 9... f6 10. Bh4 h5 11. Bg3 Nh6 12. h3 g5 13. Nc4 Ne7 14. dxe5 dxe5 15. h4 g4 {1-0 (38) Sanal,V (2469)-Shanava,K (2545) Mersin 2016}) 10. Bxf6 {[%emt 0:03:47]} Nxf6 {[%emt 0:00:09]} 11. Re1 {[%emt 0:11:49]} Bg4 {[%emt 0:02:33]} 12. h3 {[%emt 0:02:10]} Bd7 {[%emt 0:08:48]} 13. Bf1 {[%emt 0:06:48]} h6 {[%emt 0:06:09]} 14. Qb3 {[%emt 0:09:23]} b6 {[%emt 0:02:40]} 15. Rad1 {[%emt 0:05:18]} Re8 {[%emt 0:05:27]} 16. Qc2 {[%emt 0:08:13]} a5 {[%emt 0:04:03]} 17. dxe5 {[%emt 0:03:47]} Nxe5 {[%emt 0:02:59]} 18. Nd4 {[%emt 0:07:09]} Qe7 {[%emt 0:03:27]} 19. g3 {[%emt 0:07:51]} Rad8 {[%emt 0:09:20]} 20. Bg2 {[%emt 0:03:43]} h5 {[%emt 0:05:37]} 21. f4 {[%emt 0:06:44]} Nc6 {[%emt 0:00:07]} 22. Nxc6 {[%emt 0:01:15]} Bxc6 {[%emt 0:00:07]} 23. b4 {[%emt 0:03:37]} Ba8 {[%emt 0:09:40]} 24. Kh2 {[%emt 0:03:30]} Nh7 {[%emt 0:08:01]} 25. bxa5 {[%emt 0:01:18] bxa} bxa5 {[%emt 0:00:05]} 26. Qd3 {[%emt 0:01:57]} h4 {[%emt 0:00:51]} 27. g4 {[%emt 0:01:07]} g5 {[%emt 0:01:18]} 28. Rf1 {[%emt 0:02:21]} d5 {[%emt 0:03:37]} 29. e5 {[%emt 0:00:56]} gxf4 {[%emt 0:00:31]} 30. Rde1 {[%emt 0:00:23]} f6 {[%emt 0:08:11] [#]} (30... d4 $11) 31. e6 {[%emt 0:00:45]} (31. Nf3 $1 $16) 31... Qd6 {[%emt 0:03:08]} 32. Nf3 {[%emt 0:00:32]} Kh8 {[%emt 0:03:56]} 33. Qf5 {[%emt 0:00:34]} d4 {[%emt 0:00:16]} 34. cxd4 {[%emt 0:00:32]} Bd5 {[%emt 0:00:24]} 35. e7 {[%emt 0:00:27]} Rxe7 {[%emt 0:00:23]} 36. Rxe7 {[%emt 0:00:05]} Qxe7 {[%emt 0:00:03]} 37. Nxh4 {[%emt 0:00:33]} Qe3 {[%emt 0:04:18]} 38. Rxf4 {[%emt 0:01:03]} Bxg2 {[%emt 0:00:19]} 39. Nxg2 {[%emt 0:00:06]} Qd2 {[%emt 0:00:07]} 40. Re4 {[%emt 0:00:00]} Qg5 {[%emt 0:00:00]} 41. h4 {[%emt 0:08:09]} Qxf5 {[%emt 0:03:23]} 42. gxf5 {[%emt 0:00:10]} Rb8 {[%emt 0:00:01]} (42... Kg8 $142 43. Nf4 c6) 43. Nf4 {[%emt 0:03:21]} a4 {[%emt 0:04:05]} 44. Kg3 {[%emt 0:05:09]} Nf8 $18 {[%emt 0:03:20]} 45. d5 {[%emt 0:01:50]} Nd7 {[%emt 0:00:44]} 46. Rxa4 {[%emt 0:01:46]} Ne5 {[%emt 0:01:42]} 47. h5 {[%emt 0:01:25]} Kg7 {[%emt 0:00:09]} 48. Ra7 {[%emt 0:01:02]} Kh6 {[%emt 0:00:11]} 49. Rxc7 {[%emt 0:01:41]} Ra8 {[%emt 0:00:02]} 50. Rc2 {[%emt 0:01:07]} Ra3+ {[%emt 0:00:11]} 51. Kg2 {[%emt 0:01:48]} Kg5 {[%emt 0:00:18]} 52. Ne6+ {[%emt 0:03:03]} Kxh5 {[%emt 0:01:51]} 53. d6 {[%emt 0:01:58]} Kg4 {[%emt 0:01:21]} 54. Nc5 {[%emt 0:01:43]} Rg3+ {[%emt 0:01:18]} 55. Kf1 {[%emt 0:00:54]} Kxf5 {[%emt 0:01:19]} 56. Rf2+ {[%emt 0:00:28]} Kg6 {[%emt 0:00:38]} 57. d7 {[%emt 0:00:20]} Nc6 {[%emt 0:00:08]} 58. Ne4 {[%emt 0:00:39]} 1-0

[Event "Orbis IM 2018"]
[Site "Paracin"]
[Date "2018.07.16"]
[Round "4"]
[White "Bergsson, Stefan"]
[Black "Isha, Sharma"]
[Result "0-1"]
[WhiteElo "2192"]
[BlackElo "2062"]
[Annotator "NA"]
[PlyCount "64"]
[EventDate "2018.??.??"]
[EventCountry "SRB"]
[SourceTitle "playchess.com"]
[Source "ChessBase"]
[SourceQuality "1"]
[TimeControl "40/5400+30:1800+30"]

1. e4 {[%emt 0:00:00]} d6 {[%emt 0:00:00]} 2. d4 {[%emt 0:00:00]} Nf6 {[%emt 0:00:00]} 3. Nc3 {[%emt 0:00:16]} e5 {[%emt 0:00:00]} 4. Nf3 {[%emt 0:00:10]} Nbd7 {[%emt 0:00:06]} 5. Bc4 {[%emt 0:00:26]} Be7 {[%emt 0:00:07]} 6. a4 {[%emt 0:00:10]} O-O {[%emt 0:00:36]} 7. O-O {[%emt 0:00:10]} c6 {[%emt 0:00:06]} 8. Qe2 {[%emt 0:01:06]} exd4 {[%emt 0:04:00]} 9. Nxd4 {[%emt 0:00:12]} Ne5 {[%emt 0:00:45] C41: Philidor-Verteidigung} (9... Re8 10. Ba2 Bf8 11. Qf3 Nc5 12. Bg5 h6 13. Bxf6 Qxf6 14. Qxf6 gxf6 15. Rfe1 Bg7 16. a5 f5 17. Nxf5 Bxf5 18. exf5 d5 19. Kf1 {½-½ (32) Jerez Perez,A (2432)-Herraiz Hidalgo,H (2430) Barcelona 2018}) 10. Ba2 {[%emt 0:00:39]} Re8 {[%emt 0:00:50]} 11. h3 {[%emt 0:02:27]} Bf8 {[%emt 0:02:09]} 12. Bg5 $146 {[%emt 0:11:58]} ({Vorgänger:} 12. Rd1 Ng6 13. Qd3 Qa5 14. Be3 Bd7 15. f4 Qb4 16. Bd2 Qc5 17. b4 {1-0 (39) Reschke,H-Bocksberger,S Germany 1995}) 12... h6 {[%emt 0:04:26]} 13. Bxf6 {[%emt 0:03:28]} Qxf6 {[%emt 0:00:06]} 14. f4 {[%emt 0:00:12]} Ng6 {[%emt 0:05:41]} 15. e5 {[%emt 0:00:14]} Qd8 {[%emt 0:05:26]} 16. e6 {[%emt 0:18:50]} Nh8 {[%emt 0:07:00]} 17. f5 {[%emt 0:10:13]} d5 {[%emt 0:02:34]} 18. Rae1 {[%emt 0:00:35]} Bc5 {[%emt 0:02:55]} 19. exf7+ {[%emt 0:09:04]} Kxf7 {[%emt 0:00:07]} 20. Qh5+ {[%emt 0:05:00]} Kf8 {[%emt 0:00:06]} 21. Rxe8+ {[%emt 0:00:17]} Qxe8 {[%emt 0:00:04]} 22. Qh4 {[%emt 0:03:30]} Qe3+ {[%emt 0:24:11]} (22... Nf7 $17 23. Kh1 Qe5) 23. Kh1 {[%emt 0:00:52]} Bxd4 {[%emt 0:18:41]} 24. Nxd5 {[%emt 0:00:49]} cxd5 {[%emt 0:01:11]} 25. Qd8+ {[%emt 0:00:34]} Qe8 {[%emt 0:00:05]} 26. Qxd5 {[%emt 0:02:05]} Be5 {[%emt 0:03:51]} 27. Re1 {[%emt 0:20:51]} Nf7 {[%emt 0:00:21]} 28. Qc5+ {[%emt 0:04:53]} Qe7 {[%emt 0:00:33]} 29. Qc4 {[%emt 0:00:26]} Qc7 {[%emt 0:01:58]} 30. Qg4 {[%emt 0:01:20]} Bd7 {[%emt 0:06:34]} 31. Qg6 $19 {[%emt 0:00:53]} Be8 {[%emt 0:01:20]} 32. Qh7 {[%emt 0:00:16]} Rd8 {[%emt 0:00:48]} 0-1